01272 a2200217 4500003000500000005001700005010001600022020001500038040000900053082001600062100002600078245006100104250001200165260005300177300003500230490004400265505067900309650002000988650001201008650003401020Nust20221123125829.0 a 75005661 a0138216037 cNust00a621.381,ZIE1 aVan der Ziel, Aldert,10aSolid state physical electronics /cAldert van der Ziel. a3rd ed. aEnglewood Cliffs, N.J. :bPrentice Hall,c[1976] axiii, 528 p. :bill. ;c24 cm.0 aSolid state physical electronics series aStructure of the Sold State (Page-1), Wave Mechanics (Page-11), Statistics (Page-41), Band Theory of Solids (Page-59)m Semiconductors (Page-90), Semiconductor Electronics (Page-121), Thermionic Emission and Emission (Page-152), Application of thermionic Emission (Page-169), Photoemission (Page-184), Secondary Electron Emission (Page-202), Photoconductivity (Page-221), Luminescence (Page-239), Application (Page-261), Metal- Semiconductor Diodes (Page-283), PN Junction Diodes (Page-310), Transistors (Page-353), Application (Page-395), Field Effect Transistors (Page-436), Miscellaneous Semiconductors Devices (Page-464), Miscellaneous Semiconductor Problems (Page-485).  0aSemiconductors. 0aSolids. 0aTelecommunication Engineering